00860nas0a22002171i 4500001001900000005001700019035002600036100004100062101000800103102000700111110001600118200006600134210003800200540003200238702009000270702010100360702008200461801004000543801003700583852002200620RU\NLR\DRGNLR\266120240725031120.0  a(NLR Aleph) 010311233  a20080514b1915    u  y0rusy50      ca0 arus  aRU  acya||||||||1 aМинский вечерfРед.-изд. М.Я.Усман  aМинск.d1915, 3 дек - [?]1 aМинский вечер 1aУсманbМ.Я. - псевд.; см. Усман Шмуль Яковлевич4340 1aУсманbШмуль Яковлевич (псевд. - ЯковлевcУсман М.Я.)4340 1aЯковлевb- псевд.; см. Усман Шмуль Яковлевич 0aRUbNLRc20080514gPSBO2gzdor_isis 2aRUbNLRc20080514gPSBO2rusmarc  aNLRj1-Р/2-М-19